[Event "DEM U16w 2012"]
[Site "Oberhof GER"]
[Date "2012.06.01"]
[Round "8"]
[White "Tobianski, Karina"]
[Black "Brock, Sharlena"]
[Result "1/2-1/2"]
[Termination "normal"]
[Board "11"]
[WhiteElo "1341"]
[BlackElo "1420"]
[PlyCount "40"]
[WhiteFideId "12937746"]
[BlackFideId "12951935"]
[EventCountry "GER"]
[EventRounds "9"]
[EventType "swiss"]
[EventDate "2012.05.26"]

1. e4 e5 2. Nc3 Nf6 3. f4 d6 4. Nf3 Nc6 5. Bb5 exf4 6. d4 Bd7 7. Bxf4 a6 8.
Bxc6 Bxc6 9. d5 Bd7 10. O-O Bg4 11. Qe1 Be7 12. Qf2 O-O 13. Rae1 Nh5 14. Bd2 f5
15. h3 Bxf3 16. Qxf3 g6 17. exf5 Rxf5 18. Qg4 Nf6 19. Qg3 Nh5 20. Qg4 Nf6
1/2-1/2

[Event "DEM U16w 2012"]
[Site "Oberhof GER"]
[Date "2012.06.01"]
[Round "8"]
[White "Michels, Kim"]
[Black "Lehmann, Patricia"]
[Result "0-1"]
[Termination "normal"]
[Board "12"]
[WhiteElo "1647"]
[BlackElo "1671"]
[PlyCount "92"]
[WhiteFideId "24690066"]
[BlackFideId "12900060"]
[EventCountry "GER"]
[EventRounds "9"]
[EventType "swiss"]
[EventDate "2012.05.26"]

1. e4 c5 2. Nf3 d6 3. Bb5+ Bd7 4. Bxd7+ Nxd7 5. c4 Ngf6 6. Nc3 e6 7. O-O Be7 8.
d4 cxd4 9. Nxd4 a6 10. a4 O-O 11. Be3 Qc7 12. b3 Nc5 13. f3 Rfd8 14. Nde2 Ncd7
15. Kh1 Ne5 16. a5 Nfd7 17. Na4 Nc5 18. Nb6 Rab8 19. Qc2 Ncd7 20. Qc3 Bf6 21.
Qc2 Be7 22. Rad1 Re8 23. Rd2 Nxb6 24. Bxb6 Qc8 25. Rfd1 f6 26. Nf4 Nf7 27. c5
dxc5 28. Rd7 Bd8 29. Bxd8 Rxd8 30. Rxd8+ Nxd8 31. Qc4 b5 32. axb6 Rxb6 33. Qd3
Nf7 34. Qc4 Ne5 35. Qa4 Kf7 36. Nh5 g6 37. Nf4 Qc6 38. Qa3 c4 39. Rd8 Nd7 40.
Rh8 Qd6 41. Qc1 Rxb3 42. Kg1 Qb6+ 43. Kf1 Rb1 44. Ne2 Rxc1+ 45. Nxc1 Qb1 46.
Rxh7+ Ke8 0-1

[Event "DEM U16w 2012"]
[Site "Oberhof GER"]
[Date "2012.06.02"]
[Round "9"]
[White "Osmanodja, Filiz"]
[Black "Tettmann, Ann-Kathrin"]
[Result "1-0"]
[Termination "normal"]
[Board "1"]
[WhiteTitle "FM"]
[WhiteElo "2160"]
[BlackElo "1622"]
[PlyCount "85"]
[WhiteFideId "24633569"]
[BlackFideId "12945676"]
[EventCountry "GER"]
[EventRounds "9"]
[EventType "swiss"]
[EventDate "2012.05.26"]

1. e4 Nc6 2. Nf3 f5 3. exf5 d5 4. Bd3 Nh6 5. O-O Nxf5 6. Re1 g6 7. c4 d4 8. Be4
Qd6 9. b3 Bg7 10. Ba3 Nb4 11. d3 a5 12. Nbd2 O-O 13. Bb2 Na6 14. Qe2 e6 15. a3
Rb8 16. b4 axb4 17. axb4 Nxb4 18. Ba3 c5 19. Bxb4 cxb4 20. Nb3 b6 21. Ra7 Ne7
22. Nfxd4 Bxd4 23. Nxd4 Qxd4 24. Rxe7 b5 25. Bf3 bxc4 26. dxc4 Qf6 27. Ra7 b3
28. Raa1 Re8 29. Rab1 Ba6 30. Bc6 Re7 31. Bb5 Bxb5 32. cxb5 Qc3 33. Rec1 Qb4
34. Qe5 Ree8 35. Rc7 Qf8 36. Rxb3 Rbd8 37. h3 Rd1+ 38. Kh2 Qd6 39. Qxd6 Rxd6
40. b6 Rb8 41. b7 Rdd8 42. Rbc3 Rf8 43. Rd7 1-0

[Event "DEM U16w 2012"]
[Site "Oberhof GER"]
[Date "2012.06.02"]
[Round "9"]
[White "Schmalhorst, Sophia"]
[Black "Schäfer, Annabelle"]
[Result "1-0"]
[Termination "normal"]
[Board "3"]
[WhiteElo "1866"]
[BlackElo "1803"]
[PlyCount "99"]
[WhiteFideId "24682497"]
[BlackFideId "12917729"]
[EventCountry "GER"]
[EventRounds "9"]
[EventType "swiss"]
[EventDate "2012.05.26"]

1. d4 Nf6 2. c4 c5 3. Nf3 cxd4 4. Qxd4 Nc6 5. Qd2 d5 6. cxd5 Nxd5 7. e4 Ndb4 8.
a3 Qxd2+ 9. Kxd2 Na6 10. Bxa6 bxa6 11. Nc3 Bg4 12. Nd5 O-O-O 13. Kc3 g6 14. Be3
Bg7+ 15. Kc2 e6 16. Nb4 Nxb4+ 17. axb4 Bxf3 18. gxf3 Kb7 19. b5 a5 20. Rxa5 Bd4
21. Rha1 Bxe3 22. fxe3 Rc8+ 23. Kb3 Ra8 24. Rd1 Rhd8 25. Raa1 Rac8 26. Rd4 Kb6
27. Ra6+ Kb7 28. Rad6 Rxd6 29. Rxd6 Rc7 30. Rd2 e5 31. Kb4 Kb6 32. b3 Kb7 33.
Rd5 Re7 34. Rd6 Rc7 35. Rd3 Kb6 36. Rd5 Re7 37. Rd6+ Kc7 38. Kc5 Kb7 39. b6
axb6+ 40. Rxb6+ Kc7 41. Rc6+ Kb8 42. b4 Rd7 43. Rd6 Rc7+ 44. Kd5 Rb7 45. Kxe5
Rxb4 46. Rd7 Rb5+ 47. Kf6 Rh5 48. Rxf7 Rxh2 49. e5 Rh3 50. e6 1-0

[Event "DEM U16w 2012"]
[Site "Oberhof GER"]
[Date "2012.06.02"]
[Round "9"]
[White "Lagunow, Elina"]
[Black "Diederichs, Luise"]
[Result "1/2-1/2"]
[Termination "normal"]
[Board "4"]
[WhiteElo "1748"]
[BlackElo "1764"]
[PlyCount "96"]
[WhiteFideId "4673387"]
[BlackFideId "24661597"]
[EventCountry "GER"]
[EventRounds "9"]
[EventType "swiss"]
[EventDate "2012.05.26"]

1. Nf3 d6 2. g3 f5 3. Bg2 Nf6 4. O-O g6 5. c4 Bg7 6. Nc3 O-O 7. d3 Nh5 8. Qc2
Nc6 9. a3 a5 10. Bd2 f4 11. Rab1 Bg4 12. Nd5 e5 13. b4 axb4 14. axb4 Ne7 15.
Nxe7+ Qxe7 16. Be1 Qd7 17. Ng5 h6 18. Ne4 f3 19. exf3 Bxf3 20. Bxf3 Rxf3 21.
Kg2 Rff8 22. Bd2 Qf5 23. f3 Qe6 24. b5 Kh7 25. b6 c6 26. Ra1 Rxa1 27. Rxa1 Nf6
28. Ra7 Nxe4 29. dxe4 Qf6 30. Qd3 Rf7 31. Bb4 d5 32. cxd5 cxd5 33. exd5 Qxb6
34. Ra4 Rd7 35. Bc3 Qb3 36. Rg4 Rd6 37. Rc4 b5 38. Rc6 Qa2+ 39. Kh1 Qa3 40.
Rxd6 Qxd6 41. Qxb5 Qa3 42. Qb2 Qa6 43. Kg2 Qd6 44. Qb7 Qc5 45. Qc6 Qe3 46. d6
Qe2+ 47. Kg1 Qd1+ 48. Kf2 Qc2+ 1/2-1/2

[Event "DEM U16w 2012"]
[Site "Oberhof GER"]
[Date "2012.06.02"]
[Round "9"]
[White "Mehling, Katharina"]
[Black "Kuckling, Hannah"]
[Result "1-0"]
[Termination "normal"]
[Board "5"]
[WhiteElo "1714"]
[BlackElo "1821"]
[PlyCount "107"]
[WhiteFideId "12900362"]
[BlackFideId "24603660"]
[EventCountry "GER"]
[EventRounds "9"]
[EventType "swiss"]
[EventDate "2012.05.26"]

1. d4 Nf6 2. Nc3 d5 3. Bg5 Nbd7 4. f3 c6 5. e4 dxe4 6. fxe4 e5 7. dxe5 Qa5 8.
Bxf6 gxf6 9. e6 fxe6 10. Qg4 Nb6 11. Bd3 Bd7 12. Qf4 O-O-O 13. Nge2 h5 14. O-O
Rg8 15. a3 Qc5+ 16. Kh1 Bd6 17. b4 Qg5 18. Qxg5 Rxg5 19. Rxf6 Rdg8 20. Rf2 c5
21. e5 Bxe5 22. bxc5 Na4 23. Bh7 R8g7 24. Be4 Nxc3 25. Nxc3 Bxc3 26. Rb1 Bc6
27. Bxc6 bxc6 28. Rf8+ Kc7 29. Rfb8 Rxc5 30. R1b7+ Kd6 31. Rd8+ Ke5 32. Rxg7
Kf6 33. Rxa7 Rb5 34. g3 Rb2 35. Rf8+ Kg6 36. Rc8 c5 37. Ra4 Bd4 38. Rc4 Ra2 39.
a4 Kf5 40. Kg2 Ke4 41. R8xc5 Ke3 42. Rxh5 e5 43. Kh3 Kf3 44. Rf5+ Ke4 45. Rf7
Kd5 46. Rfc7 Bb6 47. Rc8 e4 48. Rb4 Bc5 49. Rb5 Rxc2 50. Rbxc5+ Rxc5 51. Rxc5+
Kxc5 52. Kg2 Kd4 53. Kf1 Kd3 54. Ke1 1-0

[Event "DEM U16w 2012"]
[Site "Oberhof GER"]
[Date "2012.06.02"]
[Round "9"]
[White "Liez, Franziska"]
[Black "Siegl, Melina"]
[Result "1/2-1/2"]
[Termination "normal"]
[Board "6"]
[WhiteElo "1957"]
[BlackElo "1771"]
[PlyCount "110"]
[WhiteFideId "1271766"]
[BlackFideId "1272126"]
[EventCountry "GER"]
[EventRounds "9"]
[EventType "swiss"]
[EventDate "2012.05.26"]

1. e4 c5 2. Nf3 e6 3. d4 cxd4 4. Nxd4 a6 5. c4 Qc7 6. Nc3 Nf6 7. Be3 d6 8. Be2
Nbd7 9. Qd2 b6 10. O-O Bb7 11. f3 Be7 12. Rac1 O-O 13. Rfd1 Rfd8 14. b3 Rac8
15. Qb2 Ne5 16. Na4 Nfd7 17. b4 Bf6 18. Qd2 Be7 19. a3 Nc6 20. Nb3 a5 21. Nc3
Qb8 22. Nb5 Nde5 23. Bxb6 Rd7 24. Bxa5 Ba6 25. a4 Qb7 26. Na3 Ra8 27. Kh1 Nxa5
28. Nxa5 Qb6 29. f4 Ng6 30. c5 dxc5 31. Qxd7 Bxe2 32. N3c4 Bxc4 33. Nxc4 Qxb4
34. Rf1 Qxa4 35. Qxa4 Rxa4 36. f5 Nf8 37. h3 h6 38. e5 exf5 39. Rxf5 Ne6 40.
Nd6 Bxd6 41. exd6 Rd4 42. Rcf1 f6 43. Re1 Kf7 44. Rf2 Rxd6 45. Rc2 Rd5 46. Kg1
Nf4 47. Re3 Ne6 48. Kf2 g5 49. Rec3 Re5 50. Re3 Rf5+ 51. Rf3 Rd5 52. Rfc3 h5
53. g3 Kg6 54. Kg2 Rf5 55. Rc4 Nd4 1/2-1/2

[Event "DEM U16w 2012"]
[Site "Oberhof GER"]
[Date "2012.06.02"]
[Round "9"]
[White "Steimbach, Isabel"]
[Black "Eue, Vicky"]
[Result "1-0"]
[Termination "normal"]
[Board "7"]
[WhiteElo "1690"]
[BlackElo "1586"]
[PlyCount "95"]
[WhiteFideId "24692174"]
[BlackFideId "12945838"]
[EventCountry "GER"]
[EventRounds "9"]
[EventType "swiss"]
[EventDate "2012.05.26"]

1. e4 e6 2. d4 d5 3. e5 c5 4. c3 Nc6 5. Nf3 Qb6 6. a3 Nge7 7. b4 cxd4 8. cxd4
Nf5 9. Bb2 Bd7 10. Be2 Be7 11. O-O O-O 12. Qd3 Rac8 13. Nbd2 a5 14. b5 Na7 15.
a4 Bb4 16. Nb3 Rc7 17. g4 Ne7 18. h4 Ng6 19. Ng5 Be7 20. Ba3 Bxg5 21. hxg5 Rfc8
22. Bc5 Rxc5 23. dxc5 Qd8 24. f4 h6 25. gxh6 gxh6 26. Qh3 Kg7 27. Bd3 Qe7 28.
Rac1 Qd8 29. Kh2 Nh4 30. Kg3 Ng6 31. Rh1 Qh8 32. Nxa5 Rb8 33. g5 hxg5 34. Qxh8+
Rxh8 35. Bxg6 gxf4+ 36. Kxf4 Rxh1 37. Rxh1 fxg6 38. Nxb7 Nxb5 39. axb5 Bxb5 40.
Nd8 Bd7 41. c6 Bc8 42. c7 Kf8 43. Nxe6+ Bxe6 44. Rh8+ Ke7 45. c8=Q Bxc8 46.
Rxc8 Ke6 47. Rc6+ Ke7 48. Rxg6 1-0

[Event "DEM U16w 2012"]
[Site "Oberhof GER"]
[Date "2012.06.02"]
[Round "9"]
[White "Lehmann, Patricia"]
[Black "Brock, Sharlena"]
[Result "1/2-1/2"]
[Termination "normal"]
[Board "9"]
[WhiteElo "1671"]
[BlackElo "1420"]
[PlyCount "44"]
[WhiteFideId "12900060"]
[BlackFideId "12951935"]
[EventCountry "GER"]
[EventRounds "9"]
[EventType "swiss"]
[EventDate "2012.05.26"]

1. d4 d5 2. c4 e6 3. Nc3 c5 4. Nf3 Nc6 5. e3 Nf6 6. Be2 dxc4 7. Bxc4 a6 8. O-O
b5 9. Be2 Bb7 10. a3 cxd4 11. Nxd4 Nxd4 12. exd4 Be7 13. Bf3 Bxf3 14. Qxf3 O-O
15. Rd1 Nd5 16. Ne4 Qc7 17. Bd2 Rfd8 18. Ng5 Bd6 19. Qh3 h6 20. Nf3 Nf4 21. Qh4
a5 22. Kh1 b4 1/2-1/2

[Event "DEM U16w 2012"]
[Site "Oberhof GER"]
[Date "2012.06.02"]
[Round "9"]
[White "Wulf, Constanze"]
[Black "Tobianski, Karina"]
[Result "1-0"]
[Termination "normal"]
[Board "10"]
[WhiteElo "1473"]
[BlackElo "1341"]
[PlyCount "105"]
[WhiteFideId "24692379"]
[BlackFideId "12937746"]
[EventCountry "GER"]
[EventRounds "9"]
[EventType "swiss"]
[EventDate "2012.05.26"]

1. d4 c5 2. d5 d6 3. c4 g6 4. e4 Bg7 5. Qc2 e6 6. Nc3 Ne7 7. Bf4 a6 8. h3 O-O
9. Nf3 exd5 10. cxd5 Re8 11. Be2 Qc7 12. a4 Nd7 13. O-O Rb8 14. Nd2 Ne5 15. Nc4
Nxc4 16. Bxc4 Bd7 17. a5 Kh8 18. Qd2 Nc8 19. Rfe1 Na7 20. Re2 Nb5 21. Bxb5 Bxb5
22. Nxb5 axb5 23. Qd3 b4 24. Qb5 Ra8 25. a6 bxa6 26. Rxa6 Red8 27. Rc6 Qe7 28.
Qb6 Ra1+ 29. Kh2 Be5 30. Rc7 Bxf4+ 31. g3 Qf6 32. Rxf7 Qxf7 33. Qxd8+ Kg7 34.
gxf4 Qxf4+ 35. Kg2 Ra7 36. Qc8 Rf7 37. Qg4 Qe5 38. Qg3 Re7 39. Qxe5+ Rxe5 40.
f4 Re8 41. e5 Kf7 42. b3 g5 43. e6+ Kf6 44. fxg5+ Kxg5 45. Rf2 Kg6 46. Rf7 c4
47. bxc4 Rb8 48. Rd7 b3 49. e7 b2 50. Rd8 Rxd8 51. exd8=Q b1=Q 52. Qxd6+ Kg5
53. Qe5+ 1-0

[Event "DEM U16w 2012"]
[Site "Oberhof GER"]
[Date "2012.06.02"]
[Round "9"]
[White "Michels, Kim"]
[Black "Spiegelberg, Silvia"]
[Result "0-1"]
[Termination "normal"]
[Board "11"]
[WhiteElo "1647"]
[BlackElo "1903"]
[PlyCount "58"]
[WhiteFideId "24690066"]
[BlackFideId "24654450"]
[EventCountry "GER"]
[EventRounds "9"]
[EventType "swiss"]
[EventDate "2012.05.26"]

1. e4 e5 2. Nf3 Nc6 3. Bc4 Bc5 4. c3 Nf6 5. d3 a6 6. Bb3 Ba7 7. Nbd2 O-O 8. h3
d5 9. Qe2 Be6 10. Bc2 dxe4 11. dxe4 h6 12. Nf1 b5 13. b3 b4 14. cxb4 Nxb4 15.
Bb2 Bd4 16. Rd1 c5 17. Nxe5 Qa5 18. Nd2 Nxc2+ 19. Kf1 Bxe5 20. Bxe5 Nd4 21. Qe3
Nd7 22. Bxd4 cxd4 23. Qxd4 Qxa2 24. Ra1 Qc2 25. Ke2 Qc5 26. Qd3 Ne5 27. Qg3
Qb5+ 28. Kd1 Rfd8 29. f4 Bxb3+ 0-1

[Event "DEM U16w 2012"]
[Site "Oberhof GER"]
[Date "2012.06.02"]
[Round "9"]
[White "Burgardt, Sabrina"]
[Black "Herbrig, Marie-Helen"]
[Result "1/2-1/2"]
[Termination "normal"]
[Board "12"]
[WhiteElo "1281"]
[BlackElo "1646"]
[PlyCount "113"]
[WhiteFideId "12951943"]
[BlackFideId "12900427"]
[EventCountry "GER"]
[EventRounds "9"]
[EventType "swiss"]
[EventDate "2012.05.26"]

1. e4 c5 2. Nf3 Nc6 3. Bb5 d6 4. d4 cxd4 5. Nxd4 Bd7 6. Nxc6 bxc6 7. Be2 Nf6 8.
Nc3 e5 9. O-O Be7 10. Bg5 Be6 11. Qd3 Qc7 12. Rfd1 Rd8 13. Qa6 O-O 14. Bxf6
Bxf6 15. Bc4 Bc8 16. Qa4 Bd7 17. Rd3 Rb8 18. b3 Be7 19. b4 Rb6 20. a3 Rfb8 21.
Qb3 Be8 22. Na4 d5 23. Nxb6 dxc4 24. Nxc4 c5 25. Ne3 Bg5 26. Rc3 Qc6 27. Nd5
Qg6 28. f3 cxb4 29. axb4 a6 30. Qc4 h6 31. Rxa6 Qh5 32. Qc7 Rd8 33. Rb3 Bb5 34.
Rb6 Ba4 35. Ra3 Be8 36. Rb8 Rxb8 37. Qxb8 f5 38. Qxe5 Kh7 39. Qxf5+ Bg6 40. Qg4
Qxg4 41. fxg4 Bxe4 42. c4 Bc1 43. Ra5 Bd2 44. Ra2 Bc1 45. b5 Bd3 46. b6 Bxc4
47. b7 Bxd5 48. b8=Q Bxa2 49. Qa7 Bb1 50. h3 Bg6 51. h4 Bf4 52. h5 Bb1 53. Qd4
Bg5 54. Qb6 Bd3 55. Qd4 Bb1 56. Qb6 Bc2 57. Qc5 1/2-1/2